BIBLIOTECA PODER JUDICIAL
Portal Judicial TDF

La potestad sancionatoria del Poder Legislativo en el marco de la ley provincial 13.013 y sus sucesivas reformas / (Registro nro. 6280)

000 -LEADER
fixed length control field 01213nabaa22001937a 4500
003 - CONTROL NUMBER IDENTIFIER
control field OSt
005 - DATE AND TIME OF LATEST TRANSACTION
control field 20260128225351.0
008 - FIXED-LENGTH DATA ELEMENTS--GENERAL INFORMATION
fixed length control field 190701b xxu||||| |||| 00| 0 spa d
040 ## - CATALOGING SOURCE
Transcribing agency PJ
100 ## - MAIN ENTRY--PERSONAL NAME
9 (RLIN) 6977
Personal name Banchio, Mercedes
245 13 - TITLE STATEMENT
Title La potestad sancionatoria del Poder Legislativo en el marco de la ley provincial 13.013 y sus sucesivas reformas /
Remainder of title Mercedes Banchio.
300 ## - PHYSICAL DESCRIPTION
Extent p. 64-83
500 ## - GENERAL NOTE
General note Cita: TR LALEY AR/DOC/3277/2024
505 ## - FORMATTED CONTENTS NOTE
Formatted contents note Sumario: I. Introducción.— II. Ley provincial 13.013. Su régimen disciplinario y los métodos para recurrirlo. Art. 8° Convención Interamericana de Derecho Humanos. Recurso contencioso administrativo.— III. La actividad administrativa en el marco de la ley provincial 13.013. Comisión Bicameral de Acuerdos de la Asamblea Legislativa.— IV. Comisión Bicameral de Acuerdos de la Asamblea Legislativa. Su actividad administrativa.— V. Corolario.
505 ## - FORMATTED CONTENTS NOTE
Title ¿Te interesa el texto completo? Comunicate al correo: koha@justierradelfuego.gov.ar
650 #0 - SUBJECT ADDED ENTRY--TOPICAL TERM
9 (RLIN) 211
Topical term or geographic name as entry element DERECHO ADMINISTRATIVO
773 0# - HOST ITEM ENTRY
Host Biblionumber 2842
Host Itemnumber 3251
Place, publisher, and date of publication Buenos Aires : AbeledoPerrot, 2012-
Other item identifier DA121
Title Derecho administrativo. Nº 157 enero/febrero 2025
International Standard Book Number 18510590
942 ## - ADDED ENTRY ELEMENTS (KOHA)
Source of classification or shelving scheme
Koha item type Analítica Artículo de Revista

No hay ítems disponibles.

12 de Octubre 789 Ushuaia - Tel:  54(02901)441571
Horario de Atención: 8.00 a 17.00 hs. 
bibliotecaush@justierradelfuego.gov.ar
koha@justierradelfuego.gov.ar
Seguinos en nuestras redes @bibliojustdf 

Con tecnología Koha